000 00410cam a2200145 4500500
005 20251012032509.0
041 _afre
042 _adc
100 1 0 _aLe Moing, Monique
_eauthor
245 0 0 _aPages de début
260 _c2002.
500 _a6
786 0 _nSigila | 9 | 1 | 2002-06-20 | p. 3-10 | 1286-1715
856 4 1 _uhttps://shs.cairn.info/revue-sigila-2002-1-page-3?lang=fr&redirect-ssocas=7080
999 _c1547437
_d1547437